Empire and sexuality : the British experiense

Αποθηκεύτηκε σε:
Λεπτομέρειες βιβλιογραφικής εγγραφής
Κύριος συγγραφέας: Hyam, Ronald
Μορφή: Βιβλίο
Γλώσσα:English
Δημοσίευση: Manchester and New York : Manchester University Press, c1992
Σειρά:Studies in imperialism
Θέματα:
Ετικέτες: Προσθήκη ετικέτας
Δεν υπάρχουν, Καταχωρήστε ετικέτα πρώτοι!

MARC

LEADER 00000nam a2200000 i 4500
001 1/14698
008 980512s1990 eng d
020 |a 0-7190-2505-2 
035 |l 10019524 
040 |a GR-MY-UA  |b gre  |e aacr 
041 0 |a eng 
082 0 |a 306.70941 
100 1 |a Hyam, Ronald. 
245 1 0 |a Empire and sexuality :  |b the British experiense /  |c Ronald Hyam 
260 |a Manchester and New York :   |b Manchester University Press,   |c c1992 
300 |a 234 p. 
490 1 |a Studies in imperialism 
504 |a Includes bibliographical references 
650 0 0 |a Sex  |z Great Britain  |x Colonies. 
650 0 0 |a Imperialism. 
650 0 0 |a Prostitution  |z Great Britain  |x Colonies. 
830 0 |a Studies in imperialism 
852 |a INST  |b LESVOS  |e 19980512  |h 306.70941 HYA  |p 005100014623  |q 005100014623  |t BK  |y 0 
901 |a BIBL-1998-2 
909 |a Λ  |b 056312 
922 |a 1ΕΛΗ  |b 199805  |c ΚΠΣ/ΤΚ  |d ΠΑΠΑΣΩΤΗΡΙΟΥ 
950 |a 103-1998-03-03